000 00465nam a2200145Ia 4500
008 151213s9999 xx 000 0 und d
100 _aRichard Ruland & Malcolm Bradbung
245 _aFrom Puritanism to Post-modernism ( a History Of American Literature )
_cRichard Ruland & Malcolm Bradbung
260 _aU S A
_bPenguin Book
_c1992
300 _a3513 p.
650 _aEnglish
650 _aEnglish
700 _aRichard Ruland & Malcolm Bradbung
999 _c2321
_d2321